Youth Justice

Detalles Bibliográficos
Formato: eBook
Lenguaje:inglés
Materias:
Acceso en línea:Acceso restringido

MARC

LEADER 00000nam a22000007a 4500
005 20211018235149.0
007 cr|||| ||||
008 211018c20019999gb tr|w s|||| 0|||b1eng d
022 |a 1473-2254 
035 |a 33850 
040 |a vLex 
090 |c 12597  |d 12597 
245 0 0 |a Youth Justice  |h [Recurso electrn̤ico] / 
256 |a Servicio en ln̕ea 
300 |a 1 recurso electrn̤ico 
310 |a Cuatrimestral 
362 |a Nð 1-1 (Abr. 2001) - 
506 1 |a Disponible solo en los productos indicados  |d vLex Global  |d vLex Global (Academic Edition, excluding Law Schools)  |d vLex Global (U.S. Academic Edition, Law Schools)  |d vLex Global (U.S. Academic Edition, excluding Law Schools)  |d vLex Global (Academic Edition, Law Schools) 
650 0 4 |a Derecho Penal  |z Reino Unido 
740 0 |a vLex Revistas (Servicio en ln̕ea) 
856 4 0 |u https://app.vlex.com/#/sources/33850  |z Acceso restringido 
942 |c REV 
999 0 |a Criminal law